La trascendencia del arte en la evolución histórica de la medicina / (Record no. 63147)
[ view plain ]
| 000 -LEADER | |
|---|---|
| campo de control de longitud fija | 00811nam a2200193 i 4500 |
| 001 - NÚMERO DE CONTROL | |
| campo de control | 63147 |
| 003 - IDENTIFICADOR DE NÚMERO DE CONTROL | |
| campo de control | ES-MaACL |
| 005 - FECHA Y HORA DE LA ÚLTIMA TRANSACCIÓN | |
| campo de control | 20230906164809.0 |
| 007 - CAMPO FIJO DE DESCRIPCIÓN FÍSICA--INFORMACIÓN GENERAL | |
| campo de control de longitud fija | t| |
| 008 - DATOS DE LONGITUD FIJA--INFORMACIÓN GENERAL | |
| campo de control de longitud fija | 031201s1959 sp ||||1| spa d |
| 100 1# - ENTRADA PRINCIPAL--NOMBRE DE PERSONA | |
| Nombre de persona | Fernández-Ruiz, César. |
| 9 (RLIN) | 50054 |
| 245 13 - MENCIÓN DEL TÍTULO | |
| Título | La trascendencia del arte en la evolución histórica de la medicina / |
| Mención de responsabilidad, etc. | discurso Cesar Fernández-Ruiz ; contestación por Leopoldo Cortejoso Villanueva. |
| 260 ## - PUBLICACIÓN, DISTRIBUCIÓN, ETC. | |
| Lugar de publicación, distribución, etc. | Valladolid : |
| Nombre del editor, distribuidor, etc. | Sever, |
| Fecha de publicación, distribución, etc. | 1959 ( |
| Fabricante | Cuesta) |
| 300 ## - DESCRIPCIÓN FÍSICA | |
| Extensión | 37 p., 101 lám. ; |
| Dimensiones | 24 cm. |
| 500 ## - NOTA GENERAL | |
| Nota general | Precede al tít.: Real Academia de Bellas Artes de la Purísima Concepción de Valladolid. |
| 700 1# - ENTRADA AGREGADA--NOMBRE PERSONAL | |
| Nombre de persona | Cortejoso Villanueva, Leopoldo. |
| 9 (RLIN) | 40841 |
| 710 2# - ENTRADA AGREGADA--NOMBRE DE ENTIDAD CORPORATIVA | |
| Nombre de entidad corporativa o nombre de jurisdicción como elemento de entrada | Real Academia de Bellas Artes de la Purísima Concepción de Valladolid. |
| 9 (RLIN) | 6289 |
| 852 ## - LOCALIZACIÓN | |
| Ubicación | ES-MaACL |
| Número de control de estantería | 2020-F-4 |
| Sublocalización o colección | R.44500 |
| Estatus retirado | Estado de pérdida | Estado de daño | No para préstamo | Colección | Biblioteca de origen | Biblioteca actual | Ubicación en estantería | Fecha de adquisición | Fuente de adquisición | Total de préstamos | Signatura topográfica completa | Código de barras | Visto por última vez | Precio de reemplazo | Tipo de ítem Koha |
|---|---|---|---|---|---|---|---|---|---|---|---|---|---|---|---|
| Colección de folletos | Biblioteca del Ateneo de Madrid | Biblioteca del Ateneo de Madrid | Depósito folletos | 17/01/2008 | 2020-F-4 | 1066195 | 23/02/2023 | 23/02/2023 | Folleto |
